Sexto censo nacional agropecuario, (Record no. 91503)
[ view plain ]
| 000 -LEADER | |
|---|---|
| fixed length control field | 00484cam a2200169u 4500 |
| 001 - CONTROL NUMBER | |
| control field | unk84005636 |
| 003 - CONTROL NUMBER IDENTIFIER | |
| control field | DLC |
| 005 - DATE AND TIME OF LATEST TRANSACTION | |
| control field | 20260227112801.0 |
| 008 - FIXED-LENGTH DATA ELEMENTS--GENERAL INFORMATION | |
| fixed length control field | 840419s1971 dr k 000 0 spa |
| 010 ## - LIBRARY OF CONGRESS CONTROL NUMBER | |
| LC control number | unk84005636 |
| 040 ## - CATALOGING SOURCE | |
| Original cataloging agency | DLC |
| Transcribing agency | CarP |
| Modifying agency | DLC |
| 050 00 - LIBRARY OF CONGRESS CALL NUMBER | |
| Classification number | S494.5.E8 |
| Item number | D64 |
| 110 1# - MAIN ENTRY--CORPORATE NAME | |
| Corporate name or jurisdiction name as entry element | Dominican Republic. |
| Subordinate unit | Oficina Nacional de Estadístic. [from old catalog] |
| 245 00 - TITLE STATEMENT | |
| Title | Sexto censo nacional agropecuario, |
| 260 ## - PUBLICATION, DISTRIBUTION, ETC. | |
| Place of publication, distribution, etc. | Santo Domingo, |
| Date of publication, distribution, etc. | 1971. |
| 300 ## - PHYSICAL DESCRIPTION | |
| Extent | 9 l. |
| Other physical details | forms. |
| Dimensions | 28 cm. |
No items available.